Az 1961. évi [külföldi] filozófiai irodalom válogatott bibliográfiája II.
Elmentve itt :
| Szerző: | |
|---|---|
| Adatforrás: | Philobibl |
| Forrásdokumentuma: | Magyar Filozófiai Szemle 6 1962/6., 959-965. p. |
| Dokumentumtípus: | Cikk |
| Nyelv: | magyar |
| LEADER | 00343nab a2200097 c 4500 | ||
|---|---|---|---|
| 001 | bibDOK00007241 | ||
| 005 | 20200924120309.9 | ||
| 008 | 060518s1962 hu hun | ||
| 100 | 1 | |a Vajda Mihály | |
| 245 | 1 | 3 | |a Az 1961. évi [külföldi] filozófiai irodalom válogatott bibliográfiája II. |c Vajda Mihály |
| 773 | 0 | |t Magyar Filozófiai Szemle 6 |g 1962/6., 959-965. p. | |